Social anthropology (Record no. 653)
[ view plain ]
| 000 -LEADER | |
|---|---|
| fixed length control field | 00866 a2200229 4500 |
| 008 - FIXED-LENGTH DATA ELEMENTS--GENERAL INFORMATION | |
| fixed length control field | 080820t xxu||||| |||| 00| 0 eng d |
| 010 ## - LIBRARY OF CONGRESS CONTROL NUMBER | |
| LC control number | ENG-84886 |
| 020 ## - INTERNATIONAL STANDARD BOOK NUMBER | |
| International Standard Book Number | . |
| Terms of availability | 400.00 |
| 035 ## - SYSTEM CONTROL NUMBER | |
| System control number | EN-68419 |
| 037 ## - SOURCE OF ACQUISITION | |
| Source of stock number/acquisition | D.B.Act / Pub |
| 082 ## - DEWEY DECIMAL CLASSIFICATION NUMBER | |
| Classification number | 304.2 |
| 100 ## - MAIN ENTRY--PERSONAL NAME | |
| Personal name | Mathur, Priyanka |
| 245 ## - TITLE STATEMENT | |
| Title | Social anthropology |
| Statement of responsibility, etc | by Priyanka Mathur |
| 250 ## - EDITION STATEMENT | |
| Edition statement | 1st ed. |
| 260 ## - PUBLICATION, DISTRIBUTION, ETC. (IMPRINT) | |
| Place of publication, distribution, etc | Jaipur |
| Name of publisher, distributor, etc | Panchsheel Prakashan |
| Date of publication, distribution, etc | 2006 |
| 270 ## - ADDRESS | |
| Address | Film Colony |
| City | Jaipuria, Sewaram |
| State or province | Rajasthan |
| Postal code | 302003 |
| Telephone number | 0141-2315072 |
| Fax number | 5113854 |
| Electronic mail address | panchsheel_j@sify.com |
| 300 ## - PHYSICAL DESCRIPTION | |
| Extent | 220 p. ; |
| Dimensions | 22 cm. (Hb) |
| 500 ## - GENERAL NOTE | |
| General note | Includes bibliographical references |
| 650 ## - SUBJECT ADDED ENTRY--TOPICAL TERM | |
| Topical term or geographic name as entry element | Social anthropology |
| 942 ## - ADDED ENTRY ELEMENTS (KOHA) | |
| Institution code [OBSOLETE] | dpl |
| Koha item type | English Books |
| Call number prefix | 304.2 / MAT |
| Source of classification or shelving scheme | Dewey Decimal Classification |
| Classification part | 304.2 |
| Call number suffix | MAT |
| Withdrawn status | Lost status | Damaged status | Not for loan | Home library | Current library | Date acquired | Cost, normal purchase price | Total Checkouts | Full call number | Barcode | Date last seen | Copy number | Uniform Resource Identifier | Cost, replacement price | Price effective from | Koha item type |
|---|---|---|---|---|---|---|---|---|---|---|---|---|---|---|---|---|
| D.B.Act.Division | D.B.Act.Division | 20/08/2008 | 400.00 | 304.2 MAT | EN-68419 | 15/09/2008 | 1 | 639 | 400.00 | 15/09/2008 | English Books |
